000 00327 a2200145 4500
001 185304
020 _a
040 _cMagnum
100 _aRegina, Tia
240 1 0 _aO boitatá / o cavalo encantado
_lpor
245 1 0 _aO boitatá / o cavalo encantado
300 _a15
697 _aLITERATURA INFANTO-JUVENIL
942 _cBK
999 _c185304
_d185304